000 00974nam a22002412i 4500
001 151978
003 ES-MaACL
005 20251002203213.0
008 920727s1866 fr a |||| | fre d
040 _aCAT
_bspa
_cCAT
_dCCPB
080 _a612
100 1 _aBernard, Claude,
_d1813-1878
_928231
245 1 0 _aLeçons sur les propriétés des tissus vivants /
_cpar Claude Bernard ; recueillies, rédigées et publiées par Emile Alglave.
260 _aParis [etc.] :
_bGermer Baillière [etc.],
_c1866.
300 _a492 p. :
_bil. ;
_c22 cm.
490 1 _aCours de physiologie générale de la Faculté des sciences de Paris
595 _aEn port.: Extrait de la Revue des cours scientifiques.
650 7 _aTejidos
_2embne
_917422
700 1 _aAlglave, Emile,
_d1842-1929
_9125611
830 0 _aCours de physiologie générale de la Faculté des sciences de Paris
_9221280
852 _aES-MaACL
_jB-580
_z-- Enc. hol.
999 _c151978
_d151978